000 00876nam a2200265 i 4500
001 60104
003 ES-MaACL
005 20250827062608.0
007 t|
008 031103s1985 sp ||||1| spa d
020 _a84-309-12101-0
110 1 _aEspaña
_93622
240 1 0 _aLeyes, etc., de Haciendas Locales
245 1 0 _aIngresos de las Haciendas Locales /
_cedición preparada por Nicolás Sánchez García ; bajo la dirección de Juan Martín Queralt.
260 _aMadrid :
_bTecnos,
_c[1985]
300 _a660 p. ;
_c17 cm.
490 1 _aBiblioteca de textos legales
500 _aIndices.
700 1 _aSánchez García, Nicolas.
_9102661
700 1 _aMartín Queralt, Juan.
_977615
740 0 _aLeyes, etc., de Haciendas Locales.
830 0 _aBiblioteca de textos legales
_9177271
852 _aES-MaACL
_jC-53577
_bR.110660
999 _c60104
_d60104